000 00489nam a2200169Ia 4500
008 240729s9999 xx 000 0 und d
022 _a2673-8880
245 0 _aFrontiers in Nuclear Medicine
260 _aSwitzerland
260 _bFrontiers Media S.A.
650 _a Medical physics. Medical radiology. Nuclear medicine
650 _a Medicine (General)
650 _aMedicine
856 _uhttps://doaj.org/toc/bf08213b82f8492cb417620396a29142
942 _2ddc
942 _cDOAJEJ
999 _c67147
_d67147
945 _a1
_bMadushi Gamage
_c1
_dMadushi Gamage